Երկու դրախտները : (Record no. 397414)
[ view plain ]
| 000 -LEADER | |
|---|---|
| fixed length control field | 01250nam a2200241 a 4500 |
| 003 - CONTROL NUMBER IDENTIFIER | |
| control field | AM-YeHGA |
| 005 - DATE AND TIME OF LATEST TRANSACTION | |
| control field | 20250618074809.0 |
| 008 - FIXED-LENGTH DATA ELEMENTS--GENERAL INFORMATION | |
| fixed length control field | 171218s2017 tu o|||gr|||||001|||arm|| |
| 040 ## - CATALOGING SOURCE | |
| Original cataloging agency | AM-YeHGA |
| 041 0# - LANGUAGE CODE | |
| Language code of text/sound track or separate title | arm |
| 090 ## - LOCALLY ASSIGNED LC-TYPE CALL NUMBER (OCLC); LOCAL CALL NUMBER (RLIN) | |
| -- | 399508 |
| 245 10 - TITLE STATEMENT | |
| Title | Երկու դրախտները : |
| Remainder of title | Ցանուցիր էջեր / |
| Statement of responsibility, etc. | Վ. Թէքէեան ; Կազմող, խմբագիր և ծանոթագր՝ Ս. Տէյիրմենճեան ; Առաջաբանի հեղինակ՝ Վ. Ղազարեան. |
| 260 ## - PUBLICATION, DISTRIBUTION, ETC. | |
| Place of publication, distribution, etc. | Իսթանպուլ : |
| Name of publisher, distributor, etc. | Ա. հ., |
| Date of publication, distribution, etc. | 2017. |
| 300 ## - PHYSICAL DESCRIPTION | |
| Extent | 478 էջ : |
| Other physical details | լուսանկար ; |
| Dimensions | 19 սմ. |
| 440 1# - SERIES STATEMENT/ADDED ENTRY--TITLE | |
| Title | Ժամանակ ; |
| Volume/sequential designation | 5 |
| 9 (RLIN) | 5810 |
| 504 ## - BIBLIOGRAPHY, ETC. NOTE | |
| Bibliography, etc. note | Տողատակում մատենագիտական ծանոթագրություններ: Ծանոթագրություններ՝ էջ 246-257 և 453-465: Հատուկ անունների ցանկ՝ էջ 466-478: |
| 650 14 - SUBJECT ADDED ENTRY--TOPICAL TERM | |
| Topical term or geographic name entry element | Սփյուռքահայ հրապարակախոսություններ |
| 650 14 - SUBJECT ADDED ENTRY--TOPICAL TERM | |
| Topical term or geographic name entry element | Սփյուռքահայ հուշագրություն |
| 700 1# - ADDED ENTRY--PERSONAL NAME | |
| Personal name | Տէյիրմենճեան, Սեւան |
| Relator term | կազմող |
| Relationship | com |
| Relator term | խմբագիր |
| Relationship | edt |
| Relator term | ծանոթագրող |
| Relationship | cmm |
| 700 1# - ADDED ENTRY--PERSONAL NAME | |
| Personal name | Ղազարեան, Վաչէ |
| Relator term | առաջաբան |
| Relationship | aui |
| 830 0# - SERIES ADDED ENTRY--UNIFORM TITLE | |
| Uniform title | Ժամանակ ; |
| Volume/sequential designation | 5 |
| 9 (RLIN) | 5810 |
| 942 ## - ADDED ENTRY ELEMENTS (KOHA) | |
| Source of classification or shelving scheme | Universal Decimal Classification |
| Koha item type | Գրքեր / Books |
| Withdrawn status | Lost status | Source of classification or shelving scheme | Damaged status | Not for loan | Collection | Home library | Current library | Date acquired | Total checkouts | Full call number | Barcode | Date last seen | Price effective from | Koha item type | Public note |
|---|---|---|---|---|---|---|---|---|---|---|---|---|---|---|---|
| Universal Decimal Classification | General | Fundamental Scientific Library | Fundamental Scientific Library | 15/01/2018 | AII/103301 | FL0471571 | 15/01/2018 | 15/01/2018 | Գրքեր / Books | 30 Days Loan | |||||
| Universal Decimal Classification | General | Fundamental Scientific Library | Fundamental Scientific Library | 15/01/2018 | AII/103302 | FL0471572 | 15/01/2018 | 15/01/2018 | Գրքեր / Books | 30 Days Loan | |||||
| Universal Decimal Classification | General | Fundamental Scientific Library | Fundamental Scientific Library | 15/01/2018 | AII/103303 | FL0471573 | 15/01/2018 | 15/01/2018 | Գրքեր / Books | 30 Days Loan |
ՀՀ Գիտությունների ազգային ակադեմիայի հիմնարար գիտական գրադարան = Fundamental Scientific Library of NAS RA
All site content, except where otherwise noted, is licensed under a